000 00287nam a22001337a 4500
008 181012b xxu||||| |||| 00| 0 eng d
020 _a9780205375523
041 _aeng
080 _a004
100 _a28
101 _aSHKI
245 _aSPSS for Windows
_cGeorge, D
942 _2udc
_cBK
999 _c49535
_d49535